Introduction to convective heat transfer analysis (Record no. 1983)

000 -LEADER
fixed length control field 00448nam a22001457a 4500
008 - FIXED-LENGTH DATA ELEMENTS--GENERAL INFORMATION
fixed length control field 200210b ||||| |||| 00| 0 eng d
020 ## - INTERNATIONAL STANDARD BOOK NUMBER
International Standard Book Number 0071166092
100 ## - MAIN ENTRY--PERSONAL NAME
9 (RLIN) 1586
Personal name Naylor, David
245 10 - TITLE STATEMENT
Title Introduction to convective heat transfer analysis
260 ## - PUBLICATION, DISTRIBUTION, ETC. (IMPRINT)
Place of publication, distribution, etc New Delhi
Name of publisher, distributor, etc McGraw-Hill
Date of publication, distribution, etc 1999
300 ## - PHYSICAL DESCRIPTION
Extent xvii,620p.
650 #0 - SUBJECT ADDED ENTRY--TOPICAL TERM
Topical term or geographic name as entry element Heat Transmission
700 ## - ADDED ENTRY--PERSONAL NAME
9 (RLIN) 1587
Personal name Oosthuizen, Patrick H.
942 ## - ADDED ENTRY ELEMENTS (KOHA)
Item type Books
Holdings
Withdrawn status Lost status Source of classification or shelving scheme Damaged status Not for loan Permanent location Current location Date acquired Source of acquisition Full call number Barcode Date last seen Cost, replacement price Koha item type
          IMU Kolkata IMU Kolkata 2002-03-27 Jyoti, the Book People 621.4022 O599 09333 2020-02-10 906.76 Books
Designed and Maintained by IMU-KC Library, Kolkata Campus © Copyright All Rights Reserved

webs counters

Powered by Koha